Statistics for Countries That Have Never Issued Coins

Click here to take the quiz!

General Stats

  • This quiz has been taken 15 times
  • The average score is 12 of 17

Answer Stats

Answer% Correct
Saint Lucia
100%
Saint Vincent and the Grenadines
100%
Antigua and Barbuda
92%
Dominica
92%
Grenada
92%
Saint Kitts and Nevis
92%
Nauru
83%
Marshall Islands
75%
Micronesia
75%
Palau
75%
Burkina Faso
50%
Kosovo
50%
Niger
42%
Togo
42%
Benin
33%
Ivory Coast
33%
Senegal
33%

Score Distribution

Percentile by Number Answered

Percent of People with Each Score

Your Score History

You have not taken this quiz